Vysoké Tatry Skalnatá dolina - sedačkový výťah na Lomnický hrebeň : v pozadí Lomnický štít (2632 m : vľavo) : Kežmarský štít (2558 m) : Tatranská Lomnica (850 m) - Zotavovňa ROH Urán : Skalnatá dolina - Lomnický štít : hrebeň Vidiel a Kežmarský štít

Zobrazenie: 3 čiastkové pohľady

Bibliographic Details
Main Author: Legutky, Milan, 1938-2009 (Author, Photographer)
Other Authors: Medzihradský, Vlado, 1934- (Photographer), Ondrejkovič, Ivan, 1935-1998 (Photographer)
Format: Postcard
Language:Slovak
PhysicalDescription:1 pohľadnica farebná 11 x 15 cm
Published: Bratislava Pressfoto [1972]
Subjects:

MARC

LEADER 00000nkm a2200000 a 4500
001 vtls010652884
003 SK-MaSNL
005 20260512124501.0
007 kp co
008 231206s1972 xo 000 g kzslo
040 |a SNK  |b slo  |c SNK  |e AACR2 
041 0 |a slo 
044 |a xo  |c SK 
080 |a (437.6-17)  |2 2001 
080 |a (084.121)  |2 2001 
100 1 |a Legutky, Milan,  |d 1938-2009  |4 aut  |4 pht  |9 7480 
245 1 0 |a Vysoké Tatry  |h grafika  |b Skalnatá dolina - sedačkový výťah na Lomnický hrebeň : v pozadí Lomnický štít (2632 m : vľavo) : Kežmarský štít (2558 m) : Tatranská Lomnica (850 m) - Zotavovňa ROH Urán : Skalnatá dolina - Lomnický štít : hrebeň Vidiel a Kežmarský štít  |c foto: Milan Legutky, V. Medzihradský, I. Ondrejkovič 
246 1 1 |a Vysokije Tatry 
246 1 1 |a Hohe Tatra 
246 1 1 |a High Tatras 
260 |a Bratislava  |b Pressfoto  |c [1972] 
300 |a 1 pohľadnica  |b farebná  |c 11 x 15 cm 
520 8 |a Zobrazenie: 3 čiastkové pohľady 
651 7 |a Vysoké Tatry (Poľsko a Slovensko : pohorie)  |2 SNKPHgeo  |9 67729 
655 7 |a geografické pohľadnice  |2 SNKPH  |9 70522 
655 7 |a miestne pohľadnice  |2 SNKPH  |9 70510 
700 1 |a Medzihradský, Vlado,  |d 1934-  |4 pht  |9 189603 
700 1 |a Ondrejkovič, Ivan,  |d 1935-1998  |4 pht  |9 7599 
958 |a GC 
958 |a GBN 
958 |a OND 
999 |c 927890  |d 929820 
952 |a SNK  |b SNK  |y PREZ  |7 0  |p 17A1122166  |o snkSP 152440  |i snk2015/4379  |8 3  |g 0.50  |0 0  |1 0  |4 0  |d 2015-02-06  |l 0  |r 2026-02-24 08:38:52  |w 2026-02-24